Կրօնք : (Record no. 150319)
[ view plain ]
| 000 -LEADER | |
|---|---|
| fixed length control field | 00978nam a2200217 u 4500 |
| 003 - CONTROL NUMBER IDENTIFIER | |
| control field | AM-YeHGA |
| 005 - DATE AND TIME OF LATEST TRANSACTION | |
| control field | 20250618072347.0 |
| 008 - FIXED-LENGTH DATA ELEMENTS--GENERAL INFORMATION | |
| fixed length control field | 041215s1939 ||| r 000 0 arm d |
| 040 ## - CATALOGING SOURCE | |
| Original cataloging agency | AM-YeHGA |
| 041 0# - LANGUAGE CODE | |
| Language code of text/sound track or separate title | arm |
| 090 ## - LOCALLY ASSIGNED LC-TYPE CALL NUMBER (OCLC); LOCAL CALL NUMBER (RLIN) | |
| -- | 151709 |
| 100 1# - MAIN ENTRY--PERSONAL NAME | |
| Personal name | Յովհաննէսեան, Յովնան |
| 245 10 - TITLE STATEMENT | |
| Title | Կրօնք : |
| Remainder of title | Գիրք / |
| Statement of responsibility, etc. | Յովնան Յովհաննէսեան. |
| 260 ## - PUBLICATION, DISTRIBUTION, ETC. | |
| Place of publication, distribution, etc. | Գահիրէ : |
| Name of publisher, distributor, etc. | տպ. Սահակ-Մեսրոպ, |
| Date of publication, distribution, etc. | 1939. |
| 300 ## - PHYSICAL DESCRIPTION | |
| Extent | Գիրք. |
| 505 10 - FORMATTED CONTENTS NOTE | |
| Miscellaneous information | Գիրք Դ. (1939, 132 էջ, նկ.) : |
| Title | Հայ եկեղեցին |
| Miscellaneous information | Գիրք Ե. (1939; 172 էջ, դիմանկ., նկ., քարտ.) : |
| Title | Պատմութիւն հայ եկեղեցւոյ |
| 650 14 - SUBJECT ADDED ENTRY--TOPICAL TERM | |
| Topical term or geographic name entry element | Հայոց եկեղեցի |
| General subdivision | Պատմություն |
| 9 (RLIN) | 5146 |
| 856 4# - ELECTRONIC LOCATION AND ACCESS | |
| Uniform Resource Identifier | <a href="https://arar.sci.am/dlibra/publication/317995/edition/292187/content">https://arar.sci.am/dlibra/publication/317995/edition/292187/content</a> |
| Link text | Կարդալ առցանց, Գիրգ Դ. |
| 856 4# - ELECTRONIC LOCATION AND ACCESS | |
| Uniform Resource Identifier | <a href="https://arar.sci.am/dlibra/publication/294810/edition/270575/content">https://arar.sci.am/dlibra/publication/294810/edition/270575/content</a> |
| Link text | Գիրգ Ե. |
| Public note | |
| 942 ## - ADDED ENTRY ELEMENTS (KOHA) | |
| Source of classification or shelving scheme | Universal Decimal Classification |
| Koha item type | Գրքեր / Books |
| Withdrawn status | Lost status | Damaged status | Not for loan | Collection | Home library | Current library | Date acquired | Serial enumeration / chronology | Total checkouts | Full call number | Barcode | Date last seen | Price effective from | Koha item type | Public note |
|---|---|---|---|---|---|---|---|---|---|---|---|---|---|---|---|
| General | Fundamental Scientific Library | Fundamental Scientific Library | 28/12/2016 | 4 | AII/35299 | 220035299 | 28/12/2016 | 28/12/2016 | Գրքեր / Books | 30 Days Loan | |||||
| General | Fundamental Scientific Library | Fundamental Scientific Library | 28/12/2016 | 5 | AII/50467 | 220050467 | 28/12/2016 | 28/12/2016 | Գրքեր / Books | 30 Days Loan |
ՀՀ Գիտությունների ազգային ակադեմիայի հիմնարար գիտական գրադարան = Fundamental Scientific Library of NAS RA
All site content, except where otherwise noted, is licensed under a